[Event "Quebec-ch Rapid Online"]
[Site "Chess.com"]
[Date "2021.03.13"]
[Round "5"]
[White "Zheng, Richard"]
[Black "Chiku-Ratte, Olivier-Kenta"]
[Result "1-0"]
[WhiteElo "2069"]
[BlackElo "2333"]
[PlyCount "141"]
[EventDate "2021.03.13"]
[EventType "swiss (rapid)"]
[EventRounds "10"]
[EventCountry "CAN"]

1. d4 Nf6 2. Nd2 d5 3. Ngf3 c5 4. e3 Nc6 5. b3 Bf5 6. Bb2 e6 7. Bb5 Rc8 8. O-O
Bd6 9. h3 O-O 10. Bxc6 bxc6 11. Nh4 Bg6 12. Nxg6 hxg6 13. Qf3 Nd7 14. Rfd1 Qh4
15. Qg4 Qe7 16. c4 a5 17. a4 e5 18. dxe5 Nxe5 19. Qe2 Rb8 20. Bc3 Qc7 21. Rab1
Rfe8 22. Nf3 dxc4 23. Nxe5 Bxe5 24. Qxc4 Bd6 25. Bxa5 Bh2+ 26. Kh1 Qxa5 27.
Kxh2 Rb4 28. Qc2 Reb8 29. Rdc1 c4 30. bxc4 c5 31. g3 R8b6 32. Rd1 Qa8 33. Rxb4
Rxb4 34. Rd5 Qc6 35. Qe4 Qf6 36. Kg2 Kh7 37. Rxc5 Rxa4 38. Qh4+ Qxh4 39. gxh4
Ra2 40. Kf3 f6 41. Rc8 Rc2 42. c5 Rc4 43. Kg3 g5 44. hxg5 fxg5 45. c6 Kg6 46.
Kf3 Rh4 47. c7 Rc4 48. Ke2 Rc1 49. Kd3 Rc6 50. Kd4 Rc1 51. Ke5 Kf7 52. e4 Rc2
53. f3 Rc3 54. Kd4 Rc1 55. e5 Rc6 56. e6+ Kxe6 57. Re8+ Kd7 58. c8=Q+ Rxc8 59.
Rxc8 Kxc8 60. Ke5 Kd7 61. Kf5 Ke7 62. Kxg5 Kf7 63. Kf5 g6+ 64. Kg5 Kg7 65. f4
Kf7 66. Kh6 Kf6 67. h4 Kf7 68. Kh7 Kf6 69. Kg8 Ke6 70. Kg7 Kf5 71. Kf7 1-0

[Event "Quebec-ch Rapid Online"]
[Site "Chess.com"]
[Date "2021.03.14"]
[Round "6"]
[White "Chiku-Ratte, Olivier-Kenta"]
[Black "Fang, Zhou"]
[Result "1-0"]
[WhiteElo "2333"]
[BlackElo "1652"]
[PlyCount "123"]
[EventDate "2021.03.13"]
[EventType "swiss (rapid)"]
[EventRounds "10"]
[EventCountry "CAN"]

1. Nf3 f5 2. d4 Nf6 3. c4 g6 4. Nc3 Bg7 5. g3 O-O 6. Bg2 d6 7. O-O Nbd7 8. b3
c6 9. Bb2 e5 10. dxe5 dxe5 11. Qc2 Qe7 12. Rad1 e4 13. Nd4 Ne5 14. f3 exf3 15.
exf3 Nf7 16. Rfe1 Qc7 17. Qf2 Bd7 18. Na4 c5 19. Ne6 Bxe6 20. Rxe6 Nd7 21. Bxg7
Kxg7 22. Re7 Rad8 23. Qd2 Rfe8 24. Rxe8 Rxe8 25. Qxd7 Qe5 26. Qxb7 Qe3+ 27. Kh1
Qf2 28. h3 Qxg3 29. f4 Qxf4 30. Qf3 Qe5 31. Qc3 Qxc3 32. Nxc3 Re3 33. Na4 Re2
34. Nxc5 Rxa2 35. Ne6+ Kf6 36. Nf4 g5 37. Nd5+ Ke5 38. c5 Nd8 39. Nb4 Rb2 40.
Nd3+ Kd4 41. Nxb2+ Kxc5 42. Rxd8 Kb4 43. Rd7 f4 44. Rxa7 Kxb3 45. Rxh7 g4 46.
hxg4 Kxb2 47. Bf3 Kc3 48. Kg2 Kd4 49. Re7 Kd3 50. Re2 Kd4 51. g5 Kd3 52. g6 Kd4
53. g7 Kd3 54. g8=Q Kd4 55. Qd5+ Kc3 56. Qc5+ Kd3 57. Qc2+ Kd4 58. Re4+ Kd5 59.
Qc4+ Kd6 60. Re6+ Kd7 61. Qc6+ Kd8 62. Re8# 1-0

[Event "Quebec-ch Rapid Online"]
[Site "Chess.com"]
[Date "2021.03.14"]
[Round "7"]
[White "Mendes, Aaron Reeve"]
[Black "Chiku-Ratte, Olivier-Kenta"]
[Result "0-1"]
[WhiteElo "1522"]
[BlackElo "2333"]
[PlyCount "106"]
[EventDate "2021.03.13"]
[EventType "swiss (rapid)"]
[EventRounds "10"]
[EventCountry "CAN"]

1. d4 Nf6 2. Nf3 g6 3. Nc3 d5 4. Bf4 Bg7 5. e3 O-O 6. Be2 a6 7. Ne5 c5 8. h4
Nc6 9. g4 cxd4 10. exd4 Nd7 11. Nxc6 bxc6 12. Qd2 e5 13. dxe5 Nxe5 14. f3 d4
15. O-O-O c5 16. Ne4 Qd5 17. b3 a5 18. a4 Ba6 19. Bxa6 Rxa6 20. Qe2 Re6 21.
Bxe5 Qxe5 22. Qd3 c4 23. Qxc4 Qf4+ 24. Kb1 Rb8 25. Ka2 Reb6 26. Rd3 R6b7 27.
Qd5 Rc7 28. Kb2 Rbc8 29. Rc1 Bf8 30. Qg5 Bh6 31. Qxf4 Bxf4 32. Rxd4 Bxc1+ 33.
Kxc1 Rxc2+ 34. Kd1 Rb2 35. Rd3 f5 36. Nf6+ Kf7 37. g5 Ke6 38. Re3+ Kd6 39. Rd3+
Ke5 40. Nd5 Rh2 41. Nf6 Rcc2 42. Rd5+ Kf4 43. Rd4+ Kxf3 44. Rd3+ Kf4 45. Rd4+
Ke5 46. Rd5+ Ke6 47. Rd8 Ra2 48. Re8+ Kd6 49. Rd8+ Kc7 50. Rd7+ Kc6 51. Rc7+
Kxc7 52. Ne8+ Kd8 53. Nd6 Rh1# 0-1

[Event "Quebec-ch Rapid Online"]
[Site "Chess.com"]
[Date "2021.03.14"]
[Round "8"]
[White "Chiku-Ratte, Olivier-Kenta"]
[Black "Batorshyn, Ilia"]
[Result "1-0"]
[WhiteElo "2333"]
[BlackElo "1343"]
[PlyCount "63"]
[EventDate "2021.03.13"]
[EventType "swiss (rapid)"]
[EventRounds "10"]
[EventCountry "CAN"]

1. d4 d5 2. c4 c6 3. Nf3 Nf6 4. e3 e6 5. Nc3 Bd6 6. Bd3 O-O 7. O-O b6 8. e4
dxe4 9. Nxe4 Nxe4 10. Bxe4 h6 11. Be3 Bb7 12. c5 Bc7 13. Rc1 Qe7 14. Re1 bxc5
15. dxc5 Rd8 16. Qa4 f5 17. Bxf5 exf5 18. Bg5 Qf7 19. Bxd8 Bxd8 20. Ne5 Qe6 21.
Nc4 Qd7 22. Rcd1 Qc7 23. Re8+ Kh7 24. Rdxd8 Qf4 25. Rh8+ Kg6 26. Rd6+ Kh5 27.
Qc2 Na6 28. Qe2+ Kg5 29. Qe7+ Kh5 30. Qf7+ Kg5 31. Qg6+ Kh4 32. g3+ 1-0

[Event "Titled Tuesday 2021.01.26"]
[Site "chess.com INT"]
[Date "2021.01.26"]
[Round "1"]
[White "Chiku-Ratte, Olivier-Kenta"]
[Black "Shubenkova, Veronika"]
[Result "1-0"]
[WhiteElo "2377"]
[BlackElo "1816"]
[PlyCount "85"]
[EventDate "2021.01.26"]
[EventType "team (blitz)"]
[EventRounds "11"]
[EventCountry "NET"]
[Source "Mark Crowther"]
[SourceDate "2021.02.01"]

1. Nf3 d5 2. d4 e6 3. c4 f5 4. Nc3 Nf6 5. Bf4 c6 6. e3 Bd6 7. Bg3 O-O 8. Bd3
Ne4 9. Qc2 Qe7 10. O-O Nd7 11. Nd2 Rf6 12. Bxd6 Qxd6 13. f4 Rh6 14. Nf3 b6 15.
a3 Bb7 16. b4 Ndf6 17. Ne2 Ng4 18. Qc1 Qe7 19. h3 Ngf6 20. Ne5 Nd7 21. Nxd7
Qxd7 22. Bxe4 fxe4 23. c5 Ba6 24. Rf2 Rf8 25. a4 Bc4 26. Kh2 Qe7 27. Qe1 Rh4
28. Ng3 h6 29. cxb6 axb6 30. a5 bxa5 31. bxa5 Ba6 32. Rb2 g5 33. fxg5 Qxg5 34.
Rb6 Bc8 35. a6 e5 36. Rb8 exd4 37. exd4 Qg4 38. a7 Rxh3+ 39. gxh3 Qxh3+ 40. Kg1
Kh7 41. a8=Q Rf3 42. Qa7+ Kg6 43. Ra3 1-0

[Event "Titled Tuesday 2021.01.26"]
[Site "chess.com INT"]
[Date "2021.01.26"]
[Round "2"]
[White "Zhukov, Maksim"]
[Black "Chiku-Ratte, Olivier-Kenta"]
[Result "0-1"]
[WhiteElo "2097"]
[BlackElo "2377"]
[PlyCount "42"]
[EventDate "2021.01.26"]
[EventType "team (blitz)"]
[EventRounds "11"]
[EventCountry "NET"]
[Source "Mark Crowther"]
[SourceDate "2021.02.01"]

1. Nf3 Nf6 2. g3 g6 3. Bg2 Bg7 4. O-O O-O 5. d3 c5 6. Nc3 Nc6 7. e4 d6 8. Bg5
Rb8 9. Qd2 b5 10. Bh6 b4 11. Nd5 e6 12. Bxg7 Kxg7 13. Ne3 Nd4 14. e5 Nxf3+ 15.
Bxf3 dxe5 16. Nc4 e4 17. Bxe4 Nxe4 18. dxe4 Ba6 19. Qxd8 Rfxd8 20. Ne5 Bxf1 21.
Nc6 Be2 0-1

[Event "Titled Tuesday 2021.01.26"]
[Site "chess.com INT"]
[Date "2021.01.26"]
[Round "3"]
[White "Indjic, A."]
[Black "Chiku-Ratte, Olivier-Kenta"]
[Result "1-0"]
[WhiteElo "2607"]
[BlackElo "2377"]
[PlyCount "103"]
[EventDate "2021.01.26"]
[EventType "team (blitz)"]
[EventRounds "11"]
[EventCountry "NET"]
[Source "Mark Crowther"]
[SourceDate "2021.02.01"]

1. d4 Nf6 2. Nf3 g6 3. Bg5 Bg7 4. Nbd2 d6 5. c3 O-O 6. e3 c5 7. Bd3 b6 8. Qe2
Bb7 9. O-O Nbd7 10. h3 Qc7 11. e4 h6 12. Be3 e5 13. d5 Nh5 14. g3 f5 15. exf5
gxf5 16. Nh4 e4 17. Bc4 f4 18. Qxh5 fxe3 19. fxe3 Nf6 20. Qg6 Qf7 21. Qxf7+
Rxf7 22. Nf5 Rd8 23. g4 b5 24. Bxb5 Bxd5 25. Bc4 Bxc4 26. Nxc4 d5 27. Ne5 Rb7
28. Rf2 Re8 29. Nd6 Rxe5 30. Nxb7 d4 31. cxd4 cxd4 32. exd4 Rd5 33. Nc5 Nxg4
34. hxg4 Bxd4 35. Nb3 Bb6 36. Kg2 e3 37. Re2 Rg5 38. Kf3 h5 39. gxh5 Rxh5 40.
Rg1+ Kf7 41. Ke4 a5 42. Kd3 a4 43. Nd4 Rh4 44. Nf5 Rb4 45. Nxe3 Rd4+ 46. Kc2
Re4 47. Rf1+ Ke8 48. Rfe1 Kd7 49. Nd5 Rc4+ 50. Kb1 Bd4 51. Rd1 Kd6 52. Ne3 1-0

[Event "Titled Tuesday 2021.01.26"]
[Site "chess.com INT"]
[Date "2021.01.26"]
[Round "4"]
[White "Chiku-Ratte, Olivier-Kenta"]
[Black "Sokolovsky, Yahli"]
[Result "0-1"]
[WhiteElo "2377"]
[BlackElo "2472"]
[PlyCount "150"]
[EventDate "2021.01.26"]
[EventType "team (blitz)"]
[EventRounds "11"]
[EventCountry "NET"]
[Source "Mark Crowther"]
[SourceDate "2021.02.01"]

1. Nf3 g6 2. c4 Bg7 3. Nc3 Nf6 4. g3 O-O 5. Bg2 c5 6. O-O Nc6 7. d4 cxd4 8.
Nxd4 Qb6 9. Ndb5 d6 10. Be3 Qd8 11. h3 Be6 12. b3 Nd7 13. Nd4 Nxd4 14. Bxd4 Qc7
15. Rc1 Ne5 16. f4 Nc6 17. Bxg7 Kxg7 18. Kh2 f5 19. Nd5 Qd7 20. Qd2 Bf7 21.
Rce1 e5 22. e4 fxe4 23. Bxe4 Be6 24. Bg2 Rae8 25. fxe5 Nxe5 26. Nf4 Bg8 27. Qd4
Rf5 28. Qxa7 Rf7 29. Qd4 Rfe7 30. Bd5 Bxd5 31. cxd5 Kg8 32. Ne6 Rf7 33. Rxf7
Qxf7 34. Qf4 Qxf4 35. gxf4 Nf3+ 36. Kg3 Nxe1 37. Nc7 Rc8 38. Nb5 Rd8 39. Kf2
Nd3+ 40. Ke3 Nc5 41. Kd4 Kf7 42. b4 Na6 43. a3 Rd7 44. Kc4 Nc7 45. Nd4 Ne8 46.
a4 Ng7 47. a5 Nf5 48. Ne6 Ne7 49. b5 Nc8 50. b6 Kf6 51. Kb5 Kf5 52. Kc4 Ke4 53.
Nf8 Re7 54. Ne6 h6 55. h4 Kf5 56. Kd4 Kg4 57. Ke4 Kxh4 58. f5 Kh5 59. f6 Rf7
60. Ng7+ Kg5 61. Ne8 h5 62. Kf3 h4 63. Kg2 Kg4 64. Kh2 g5 65. Nc7 Rxf6 66. a6
Nxb6 67. axb7 Nd7 68. Ne8 Rf8 69. Nxd6 Kf4 70. Nc8 Nb8 71. d6 Rd8 72. Kh3 Kf3
73. Kh2 g4 74. Kg1 g3 75. Kf1 h3 0-1

[Event "Titled Tuesday 2021.01.26"]
[Site "chess.com INT"]
[Date "2021.01.26"]
[Round "5"]
[White "Montoliu Cervero, F."]
[Black "Chiku-Ratte, Olivier-Kenta"]
[Result "1-0"]
[WhiteElo "2395"]
[BlackElo "2377"]
[PlyCount "59"]
[EventDate "2021.01.26"]
[EventType "team (blitz)"]
[EventRounds "11"]
[EventCountry "NET"]
[Source "Mark Crowther"]
[SourceDate "2021.02.01"]

1. e4 c5 2. Nf3 Nc6 3. d4 cxd4 4. Nxd4 e6 5. Nc3 Qc7 6. Be3 Nf6 7. Qd2 a6 8. f3
Be7 9. O-O-O O-O 10. g4 d6 11. g5 Nd7 12. h4 Nce5 13. Kb1 b5 14. Bd3 Nc4 15.
Bxc4 bxc4 16. h5 Rb8 17. Ka1 Ne5 18. f4 Nc6 19. Nxc6 Qxc6 20. g6 h6 21. gxf7+
Rxf7 22. Bd4 Bf8 23. Rhg1 Bb7 24. f5 exf5 25. Nd5 fxe4 26. Nf6+ Rxf6 27. Bxf6
d5 28. Qxh6 Qd7 29. Rxg7+ Bxg7 30. Rg1 1-0

[Event "Pere Noel Online"]
[Site "Chess.com"]
[Date "2020.12.27"]
[Round "1"]
[White "Latorre, Vincent"]
[Black "Chiku-Ratte, Olivier-Kenta"]
[Result "0-1"]
[WhiteElo "1978"]
[BlackElo "2290"]
[PlyCount "130"]
[EventDate "2020.12.27"]
[EventType "swiss"]
[EventRounds "6"]
[EventCountry "CAN"]

1. e4 c5 2. Nf3 Nc6 3. d4 cxd4 4. Nxd4 e6 5. Nxc6 bxc6 6. Bd3 Nf6 7. O-O d5 8.
e5 Nd7 9. f4 Nc5 10. Nd2 Qb6 11. Kh1 Ba6 12. Nf3 Ne4 13. Qe2 Nc5 14. Be3 Bxd3
15. cxd3 Qa6 16. Rfd1 Nd7 17. a3 c5 18. Rac1 Be7 19. Rc2 O-O 20. Rdc1 Qb5 21.
b4 Rac8 22. Qf2 Qxd3 23. Rc3 Qa6 24. Bxc5 Nxc5 25. bxc5 Qa5 26. Qd4 Rc6 27. Qb4
Qa6 28. a4 Rfc8 29. h3 h6 30. Nd4 R6c7 31. Nb5 Rd7 32. Nd6 Rcc7 33. Qb8+ Bf8
34. c6 Re7 35. Qb5 Qxb5 36. Nxb5 Rc8 37. c7 d4 38. Rc4 d3 39. Nxa7 Rcxc7 40.
Nc8 Red7 41. Rxc7 d2 42. R7c4 Rd4 43. R4c2 dxc1=Q+ 44. Rxc1 Rxa4 45. g3 g5 46.
Rf1 Kg7 47. fxg5 hxg5 48. Rd1 Re4 49. Nd6 Rxe5 50. Kg2 Ra5 51. Ne4 Kg6 52. g4
f5 53. gxf5+ exf5 54. Nf2 Ra2 55. Rd3 Bc5 56. Rf3 Rxf2+ 57. Rxf2 Bxf2 58. Kxf2
Kh5 59. Kf3 Kh4 60. Kg2 f4 61. Kh2 f3 62. Kg1 Kxh3 63. Kf2 g4 64. Kg1 f2+ 65.
Kxf2 Kh2 0-1

[Event "Pere Noel Online"]
[Site "Chess.com"]
[Date "2020.12.27"]
[Round "2"]
[White "Chiku-Ratte, Olivier-Kenta"]
[Black "Sowa, Ryan"]
[Result "0-1"]
[WhiteElo "2026"]
[BlackElo "1600"]
[PlyCount "106"]
[EventDate "2020.12.27"]
[EventType "swiss"]
[EventRounds "6"]
[EventCountry "CAN"]

1. Nf3 Nf6 2. c4 c5 3. Nc3 d5 4. cxd5 Nxd5 5. g3 Nc6 6. Bg2 g6 7. O-O Bg7 8.
Qb3 Nc7 9. d3 O-O 10. h3 b6 11. Bf4 Bb7 12. Rac1 Ne6 13. Be3 Qd7 14. Kh2 Ncd4
15. Bxd4 cxd4 16. Nb1 Rac8 17. Nbd2 Rfd8 18. Qa3 Bd5 19. Nc4 Bxc4 20. Rxc4 Rxc4
21. dxc4 a5 22. Qb3 Qc7 23. Rd1 Nc5 24. Qc2 e5 25. Ne1 f5 26. Bd5+ Kh8 27. Nf3
h6 28. a3 a4 29. Kg2 Nb3 30. Qb1 e4 31. Nh4 Kh7 32. f3 exf3+ 33. Bxf3 Qxc4 34.
g4 Bf6 35. Nxf5 gxf5 36. Qxf5+ Kg7 37. g5 hxg5 38. h4 Qc8 39. Qb5 g4 40. Bc6
Qe6 41. Rf1 Rd6 42. Ba8 Nc5 43. Rf4 d3 44. exd3 Rxd3 45. Qb4 Bd4 46. Be4 Nxe4
47. Qf8+ Kg6 48. h5+ Kxh5 49. Rf5+ Kg6 50. Rf4 Nf6 51. Kf1 Rd1+ 52. Kg2 Qe2+
53. Kg3 Rg1+ 0-1

[Event "Pere Noel Online"]
[Site "Chess.com"]
[Date "2020.12.27"]
[Round "3"]
[White "Therrien, Michel"]
[Black "Chiku-Ratte, Olivier-Kenta"]
[Result "0-1"]
[WhiteElo "1605"]
[BlackElo "2068"]
[PlyCount "66"]
[EventDate "2020.12.27"]
[EventType "swiss"]
[EventRounds "6"]
[EventCountry "CAN"]

1. e4 c5 2. Nf3 Nc6 3. c3 Nf6 4. e5 Nd5 5. d4 cxd4 6. Bc4 Nb6 7. Bb3 d6 8. cxd4
e6 9. O-O Be7 10. exd6 Qxd6 11. Nc3 O-O 12. Ne4 Qd8 13. a3 Nd5 14. Qd3 b6 15.
Bc2 f5 16. Nc3 Nxc3 17. bxc3 Bf6 18. Re1 Qd6 19. a4 Rd8 20. Ba3 Qd5 21. Rab1
Na5 22. Rb5 Qc4 23. Qxc4 Nxc4 24. Bc1 Bd7 25. Rb4 Na5 26. Ne5 Bxe5 27. dxe5
Rac8 28. Bg5 Re8 29. Rd4 Bc6 30. Red1 Bd5 31. Bxf5 Bb3 32. Rd8 Rcxd8 33. Bxe6+
Bxe6 0-1

[Event "Pere Noel Online"]
[Site "Chess.com"]
[Date "2020.12.28"]
[Round "4"]
[White "Chiku-Ratte, Olivier-Kenta"]
[Black "Laroche, Hugo"]
[Result "1-0"]
[WhiteElo "2117"]
[BlackElo "1808"]
[PlyCount "73"]
[EventDate "2020.12.27"]
[EventType "swiss"]
[EventRounds "6"]
[EventCountry "CAN"]

1. c4 e5 2. Nc3 Nf6 3. g3 Bc5 4. Bg2 Nc6 5. e3 O-O 6. Nge2 d6 7. O-O Re8 8. d4
exd4 9. exd4 Bb6 10. h3 Bf5 11. Bg5 h6 12. Be3 a6 13. Qd2 Qd7 14. g4 Bg6 15.
Ng3 Rab8 16. Kh2 Ne7 17. f4 h5 18. f5 h4 19. Nge2 Bh7 20. Bg5 Kh8 21. Bxh4 c6
22. Bg3 Bc7 23. d5 cxd5 24. cxd5 b5 25. Nf4 Ba5 26. Qd3 Rbc8 27. Ne4 Nxe4 28.
Bxe4 f6 29. Ne6 Ng8 30. Rac1 Nh6 31. Bf4 Nf7 32. Rc6 Bg8 33. Rxa6 Bb4 34. Rc6
Ne5 35. Bxe5 fxe5 36. Ng5 Qb7 37. Qg3 1-0

[Event "Pere Noel Online"]
[Site "Chess.com"]
[Date "2020.12.28"]
[Round "5"]
[White "Chiku-Ratte, Olivier-Kenta"]
[Black "Mitrabha, Guha"]
[Result "1/2-1/2"]
[WhiteElo "2214"]
[BlackElo "2560"]
[PlyCount "211"]
[EventDate "2020.12.27"]
[EventType "swiss"]
[EventRounds "6"]
[EventCountry "CAN"]

1. Nf3 c5 2. g3 d5 3. Bg2 Nf6 4. O-O g6 5. b3 Bg7 6. Bb2 O-O 7. d3 Qc7 8. Nbd2
Nc6 9. e4 d4 10. Qe2 e5 11. c3 dxc3 12. Bxc3 b6 13. Nc4 Re8 14. Rac1 Ba6 15.
Ba1 Rad8 16. Rfd1 Bc8 17. h3 a5 18. Kh2 Ba6 19. a3 Qb8 20. Bc3 h5 21. Qb2 Nd4
22. Bxd4 cxd4 23. b4 axb4 24. Qxb4 Nd7 25. a4 Rc8 26. h4 Bf8 27. Qb3 Bxc4 28.
Rxc4 Nc5 29. Qb5 Qa7 30. Bh3 Ra8 31. Qc6 Kg7 32. g4 hxg4 33. Bxg4 Red8 34. Kg2
Rd6 35. Qb5 Qe7 36. Rxc5 bxc5 37. Qxc5 Re8 38. a5 Qf6 39. Qb5 Qf4 40. Kh3 Ree6
41. Rg1 Rc6 42. Rg3 Rc5 43. Qa4 Ra6 44. Qe8 Rc1 45. Qb5 Rf6 46. Kg2 Ra1 47. Qb2
Qc1 48. Qxc1 Rxc1 49. Bd7 Rc5 50. Ba4 Rxa5 51. Bb3 Ba3 52. Rg5 Bd6 53. Bd5 Rf4
54. Nxe5 Bxe5 55. Rxe5 Ra6 56. Re7 Kf8 57. Rd7 Raf6 58. e5 R6f5 59. Kg3 Rxf2
60. Be4 R5f4 61. Bg2 Kg8 62. Rd8+ Kg7 63. Be4 Rf1 64. Bg2 R1f2 65. Be4 Kh7 66.
h5 Rxe4 67. hxg6+ Kxg6 68. dxe4 Rd2 69. Kf4 Rd1 70. Rg8+ Kh7 71. Rg2 Rf1+ 72.
Kg5 Rf3 73. Rd2 d3 74. Kg4 Re3 75. Kf4 Rh3 76. e6 fxe6 77. Ke5 Kg6 78. Kxe6 Kg5
79. Ke5 Kg6 80. Kd4 Kf6 81. Ra2 Ke6 82. Ra6+ Kf7 83. Ke5 d2 84. Rd6 Rh2 85.
Rd7+ Ke8 86. Rd3 Ke7 87. Kf4 Ke6 88. Ke3 Ke5 89. Rd5+ Ke6 90. Rxd2 Rxd2 91.
Kxd2 Ke5 92. Ke3 Ke6 93. Kf4 Kf6 94. e5+ Ke6 95. Ke4 Ke7 96. Kf5 Kf7 97. e6+
Ke7 98. Ke5 Ke8 99. Ke4 Ke7 100. Kd5 Ke8 101. Kd6 Kd8 102. Ke5 Ke7 103. Kf5 Ke8
104. Kf6 Kf8 105. e7+ Ke8 106. Ke6 1/2-1/2

[Event "Pere Noel Online"]
[Site "Chess.com"]
[Date "2020.12.28"]
[Round "6"]
[White "Stojanovski, Sandi"]
[Black "Chiku-Ratte, Olivier-Kenta"]
[Result "0-1"]
[WhiteElo "2080"]
[BlackElo "2276"]
[PlyCount "82"]
[EventDate "2020.12.27"]
[EventType "swiss"]
[EventRounds "6"]
[EventCountry "CAN"]

1. c4 Nf6 2. Nc3 g6 3. e4 d6 4. d4 Bg7 5. Nf3 O-O 6. Be2 c5 7. O-O cxd4 8. Nxd4
Nc6 9. Be3 Bd7 10. Nc2 Rc8 11. Qd2 a6 12. Rac1 Ne5 13. Na3 Be6 14. b3 Qa5 15.
Nab1 Neg4 16. Nd5 Qxd2 17. Nxe7+ Kh8 18. Bxd2 Rce8 19. Bxg4 Bxg4 20. Nd5 Nxe4
21. Bf4 Bd4 22. Be3 Bxe3 23. Nxe3 Bc8 24. Rfd1 f5 25. f3 Nc5 26. Kf2 f4 27. Nd5
Bf5 28. Rc3 Re5 29. b4 Na4 30. Ra3 Nb2 31. Rc1 Nd3+ 32. Rxd3 Bxd3 33. Nbc3 Bxc4
34. Nb6 Be6 35. Ne4 Rb5 36. Na4 Rxb4 37. Nac3 d5 38. Nc5 Bf5 39. Nxd5 Rd4 40.
Ne7 Rd2+ 41. Kg1 Rc2 0-1

[Event "RA March op"]
[Site "Ottawa CAN"]
[Date "2020.02.28"]
[Round "1"]
[White "Chiku-Ratte, Olivier-Kenta"]
[Black "Donev, Danail"]
[Result "1-0"]
[WhiteElo "2518"]
[BlackElo "2028"]
[PlyCount "97"]
[EventDate "2020.02.28"]
[EventType "swiss"]
[EventRounds "5"]
[EventCountry "CAN"]

1. d4 Nf6 2. c4 g6 3. Nc3 Bg7 4. e4 d6 5. h3 O-O 6. Be3 e5 7. d5 Nbd7 8. Bd3
Nc5 9. Bc2 a5 10. Qd2 Bd7 11. g4 a4 12. Nge2 Qe8 13. Ng3 b5 14. cxb5 Bxb5 15.
Bh6 Bd7 16. f3 Qe7 17. Be3 Rfb8 18. Rb1 Rb7 19. Kf2 Rab8 20. Qc1 c6 21. g5 Ne8
22. Bxc5 dxc5 23. Bxa4 cxd5 24. Nxd5 Qd8 25. Bxd7 Qxd7 26. Kg2 Qa4 27. Nc3 Qa6
28. Rf1 Nc7 29. Rf2 Ne6 30. Nd5 Nf4+ 31. Nxf4 exf4 32. Qxf4 Qxa2 33. Re1 Bd4
34. Rfe2 Kg7 35. b4 Qe6 36. bxc5 Bxc5 37. h4 Rb4 38. h5 Bd6 39. Qf6+ Qxf6 40.
gxf6+ Kh6 41. e5 Bc7 42. Rc1 Bd8 43. Ne4 gxh5 44. Nd6 Rb2 45. Rxb2 Rxb2+ 46.
Kh3 Bb6 47. e6 fxe6 48. f7 Kg7 49. Rc8 1-0

[Event "RA March op"]
[Site "Ottawa CAN"]
[Date "2020.02.29"]
[Round "2"]
[White "Demchenko, Svitlana"]
[Black "Chiku-Ratte, Olivier-Kenta"]
[Result "0-1"]
[WhiteElo "2268"]
[BlackElo "2518"]
[PlyCount "156"]
[EventDate "2020.02.28"]
[EventType "swiss"]
[EventRounds "5"]
[EventCountry "CAN"]

1. d4 Nf6 2. c4 g6 3. Nc3 d6 4. e4 Bg7 5. Nf3 O-O 6. h3 e5 7. d5 Na6 8. Bg5 h6
9. Be3 Nc5 10. Nd2 a5 11. Be2 Nfd7 12. g4 Na6 13. a3 Nac5 14. b3 Kh8 15. Rg1
Qe7 16. g5 hxg5 17. Bxg5 f6 18. Be3 f5 19. Rxg6 f4 20. Bxc5 Nxc5 21. Bg4 f3 22.
Bxc8 Raxc8 23. Nxf3 Qf7 24. Rg3 Qf4 25. Qc2 Qxg3 26. fxg3 Rxf3 27. O-O-O Rcf8
28. b4 axb4 29. axb4 Na6 30. Qb2 Re3 31. Kc2 Bh6 32. Kb3 Rxg3 33. Ka4 Rff3 34.
Ne2 Rg2 35. Rg1 Rgf2 36. c5 Re3 37. cxd6 cxd6 38. Qc2 Rexe2 39. Qc8+ Bf8 40.
Qxb7 Rxe4 41. Qc8 Rxb4+ 42. Ka3 Rf3+ 43. Ka2 Nc5 44. Rg4 Rf2+ 45. Ka1 Nb3+ 46.
Kb1 Nd4+ 47. Ka1 Ra4+ 48. Kb1 Rb4+ 49. Ka1 Nc2+ 50. Ka2 Ne3+ 51. Ka3 Rxg4 52.
hxg4 Nxd5 53. Qe8 Kg7 54. Qe6 Rf3+ 55. Kb2 Nc7 56. Qc4 Rf7 57. g5 Kg6 58. Kc2
Bg7 59. Qc6 Bf8 60. Qc4 d5 61. Qc3 Bg7 62. Qc6+ Kxg5 63. Qd6 Kf5 64. Qb6 Ne6
65. Kd1 Nf4 66. Qc6 Bf6 67. Qc8+ Kg5 68. Qe8 Rg7 69. Qf8 Kf5 70. Qc8+ Ke4 71.
Qc2+ Nd3 72. Qg2+ Kd4 73. Qf1 Rg6 74. Kc2 Rg2+ 75. Kb1 Rb2+ 76. Ka1 Rf2 77. Qb1
e4 78. Qb6+ Kc4+ 0-1

[Event "RA March op"]
[Site "Ottawa CAN"]
[Date "2020.02.29"]
[Round "3"]
[White "Chiku-Ratte, Olivier-Kenta"]
[Black "Rodrigue-Lemieux, Shawn"]
[Result "0-1"]
[WhiteElo "2518"]
[BlackElo "2380"]
[PlyCount "80"]
[EventDate "2020.02.28"]
[EventType "swiss"]
[EventRounds "5"]
[EventCountry "CAN"]

1. c4 Nf6 2. Nc3 e5 3. Nf3 Nc6 4. e3 Bb4 5. Qc2 O-O 6. Nd5 Re8 7. Bd3 h6 8. a3
Bf8 9. h4 a5 10. Ng5 Bc5 11. Bh7+ Kf8 12. Bg6 fxg6 13. Qxg6 hxg5 14. hxg5 Ne7
15. Nxe7 Bxe7 16. gxf6 Bxf6 17. g4 Bh4 18. Qh7 g5 19. Qh8+ Kf7 20. Qh7+ Ke6 21.
Qg6+ Ke7 22. d4 Ra6 23. Qg7+ Kd6 24. dxe5+ Kc6 25. e4 Qe7 26. Qh6+ Qe6 27. Bxg5
Bxg5 28. Qxg5 d6 29. Qd2 Qxe5 30. Qd5+ Kb6 31. Qxe5 dxe5 32. c5+ Kb5 33. Rh7
Rc6 34. Rg7 Rxc5 35. Rd1 Rc4 36. f3 c6 37. Rd2 Rd4 38. g5 Rh8 39. Rg2 Rh1+ 40.
Kf2 Rd2+ 0-1

[Event "RA March op"]
[Site "Ottawa CAN"]
[Date "2020.03.01"]
[Round "4"]
[White "Han, Jonathan"]
[Black "Chiku-Ratte, Olivier-Kenta"]
[Result "1-0"]
[WhiteElo "2133"]
[BlackElo "2518"]
[PlyCount "85"]
[EventDate "2020.02.28"]
[EventType "swiss"]
[EventRounds "5"]
[EventCountry "CAN"]

1. e4 c5 2. Nf3 b6 3. d4 cxd4 4. Nxd4 Bb7 5. Nc3 a6 6. Be3 b5 7. f3 e6 8. Qd2
Nf6 9. O-O-O Bb4 10. a3 Be7 11. e5 Nd5 12. Nxd5 Bxd5 13. Nf5 O-O 14. Nxe7+ Qxe7
15. Bg5 f6 16. exf6 gxf6 17. Bh6 Rc8 18. h4 Nc6 19. Kb1 Kh8 20. Be2 Ne5 21. Qe3
Bc4 22. g4 Bxe2 23. Qxe2 b4 24. a4 Nf7 25. Be3 Rc6 26. g5 Rac8 27. Rd2 e5 28.
gxf6 Qe6 29. Qd3 d6 30. Rg1 Qxf6 31. Rdg2 Re8 32. Qd5 Rcc8 33. f4 b3 34. cxb3
exf4 35. Bd4 Ne5 36. Qb7 Rb8 37. Qd5 Rbc8 38. Rg7 f3 39. Qb7 Qf5+ 40. Ka2 Rf8
41. R1g5 Rb8 42. Qe7 Qd3 43. Rg8+ 1-0

[Event "RA March op"]
[Site "Ottawa CAN"]
[Date "2020.03.01"]
[Round "5"]
[White "Chiku-Ratte, Olivier-Kenta"]
[Black "Mahdjoubi, Abdelaziz"]
[Result "1-0"]
[WhiteElo "2518"]
[BlackElo "1955"]
[PlyCount "41"]
[EventDate "2020.02.28"]
[EventType "swiss"]
[EventRounds "5"]
[EventCountry "CAN"]

1. Nf3 Nf6 2. c4 g6 3. g3 Bg7 4. Bg2 O-O 5. O-O c6 6. b3 Ne4 7. d4 c5 8. Bb2
Nc6 9. Qc2 f5 10. e3 d5 11. cxd5 Qxd5 12. Rd1 Nb4 13. Qe2 b6 14. Na3 Ba6 15.
Nc4 Rad8 16. dxc5 Bxc4 17. bxc4 Qxc5 18. Bxg7 Kxg7 19. Qb2+ Kf7 20. a3 Nd3 21.
Rxd3 1-0

[Event "Carnaval"]
[Site "Quebec CAN"]
[Date "2020.02.14"]
[Round "1"]
[White "Saha, Ananda"]
[Black "Chiku-Ratte, Olivier-Kenta"]
[Result "0-1"]
[WhiteElo "2235"]
[BlackElo "2478"]
[PlyCount "48"]
[EventDate "2020.02.14"]
[EventType "swiss"]
[EventRounds "5"]
[EventCountry "CAN"]

1. d4 g6 2. e4 Bg7 3. Nc3 d6 4. Be3 c6 5. a4 Qa5 6. Bd3 Nf6 7. f3 e5 8. Nge2
Nbd7 9. O-O O-O 10. Qd2 Re8 11. Rfd1 Qc7 12. Bc4 exd4 13. Nxd4 Ne5 14. Bb3 a5
15. Qf2 d5 16. exd5 Nfg4 17. fxg4 Nxg4 18. Bf4 Qb6 19. Qd2 Bxd4+ 20. Kf1 Be3
21. Qe2 Bf5 22. Bg3 Bc5 23. Qf3 Ne3+ 24. Ke1 Nxc2+ 0-1